| 000 | 00493nam a2200193Ia 4500 | ||
|---|---|---|---|
| 005 | 20230401142902.0 | ||
| 008 | 230125s9999 xx 000 0 und d | ||
| 041 | _aeng | ||
| 082 |
_a920.71 _bKEE |
||
| 100 |
_aKeer G _9118376 |
||
| 245 | _aDeepgruha | ||
| 250 | _a1st Ed. | ||
| 260 |
_c2012 _bRiya Publications _akolhapur |
||
| 300 | _a328p | ||
| 500 | _aBiography;Collective biographies | ||
| 650 |
_aBiography;Collective biographies _9180962 |
||
| 700 |
_aKeer G _9118376 |
||
| 942 | _cBK | ||
| 999 |
_c96419 _d96419 |
||